Microsoft Works 4.0 for Windows 95 / (Record no. 16492)
[ view plain ]
| 000 -LEADER | |
|---|---|
| fixed length control field | 00525cam a2200181 a 4500 |
| 020 ## - INTERNATIONAL STANDARD BOOK NUMBER | |
| ISBN | 007049116X |
| 040 ## - CATALOGING SOURCE | |
| Transcribing agency | DLC |
| 082 00 - DEWEY DECIMAL CLASSIFICATION NUMBER | |
| Classification number | 005 MCG 1997 A002 Or. |
| 100 1# - MAIN ENTRY--AUTHOR NAME | |
| Personal name | O'Leary, Timothy J., |
| 245 10 - TITLE STATEMENT | |
| Title | Microsoft Works 4.0 for Windows 95 / |
| 246 30 - VARYING FORM OF TITLE | |
| Title proper/short title | Microsoft Works four point zero for Windows |
| 260 ## - PUBLICATION, DISTRIBUTION, ETC. (IMPRINT) | |
| Place of publication | [San Francisco] : |
| Name of publisher | McGraw-Hill, |
| Year of publication | c1997. |
| 300 ## - PHYSICAL DESCRIPTION | |
| Number of Pages | iv, 580 p. : |
| Other physical details | ill. (some col.) ; |
| Dimensions | 26 cm. |
| 500 ## - GENERAL NOTE | |
| General note | Includes index. |
| 650 #0 - SUBJECT ADDED ENTRY--TOPICAL TERM | |
| Topical Term | Integrated software. |
| 700 1# - ADDED ENTRY--PERSONAL NAME | |
| Personal name | O'Leary, Linda I. |
| 942 ## - ADDED ENTRY ELEMENTS (KOHA) | |
| Koha item type | សៀវភៅភាសាអង់គ្លេស |
| 952 ## - LOCATION AND ITEM INFORMATION (KOHA) | |
| Withdrawn status [LOCAL, KOHA] | 0 |
| Permanent Location | Date acquired | Koha item type | Lost status | Shelving location | Barcode | Current Location | Full call number |
|---|---|---|---|---|---|---|---|
| Library Block A | 2018-02-27 | សៀវភៅភាសាអង់គ្លេស | A002 | A17182 | Library Block A | 005 MCG 1997 A002 Or. |